L'année philosophique, études critiques sur le mouvement des idées générales dans les divers ordres de connaissances (Record no. 162135)

MARC details
000 -LEADER
campo de control de longitud fija 00921nam a2200217 i 4500
001 - NÚMERO DE CONTROL
campo de control 162135
003 - IDENTIFICADOR DE NÚMERO DE CONTROL
campo de control ES-MaACL
005 - FECHA Y HORA DE LA ÚLTIMA TRANSACCIÓN
campo de control 20230906212434.0
008 - DATOS DE LONGITUD FIJA--INFORMACIÓN GENERAL
campo de control de longitud fija 981217s1868 fr |||| | fre d
100 1# - ENTRADA PRINCIPAL--NOMBRE DE PERSONA
Nombre de persona Pillon, F.
9 (RLIN) 131161
245 12 - MENCIÓN DEL TÍTULO
Título L'année philosophique, études critiques sur le mouvement des idées générales dans les divers ordres de connaissances
Resto del título : première année (1867) /
Mención de responsabilidad, etc. par M. F. Pillon ; avec une introduction par M. Ch. Renouvier ; Félix Henneguy, René Ménard, Alfred Deberle ... [et al.].
260 ## - PUBLICACIÓN, DISTRIBUCIÓN, ETC.
Lugar de publicación, distribución, etc. Paris :
Nombre del editor, distribuidor, etc. Librairie Germer Baillière,
Fecha de publicación, distribución, etc. 1868 (
Fabricante Imp. de Mme. Ve Belin)
300 ## - DESCRIPCIÓN FÍSICA
Extensión 595 p. ;
Dimensiones 18 cm.
650 04 - PUNTO DE ACCESO ADICIONAL DE MATERIA--TÉRMINO DE MATERIA
Término de materia o nombre geográfico como elemento de entrada Filosofía-
Subdivisión cronológica S.XIX.
9 (RLIN) 163575
700 1# - ENTRADA AGREGADA--NOMBRE PERSONAL
Nombre de persona Renouvier, Charles.
9 (RLIN) 96235
700 1# - ENTRADA AGREGADA--NOMBRE PERSONAL
Nombre de persona Henneguy, Félix.
9 (RLIN) 62552
700 1# - ENTRADA AGREGADA--NOMBRE PERSONAL
Nombre de persona Ménard, René.
9 (RLIN) 80075
700 1# - ENTRADA AGREGADA--NOMBRE PERSONAL
Nombre de persona Deberle, Alfred.
9 (RLIN) 43119
752 ## - ENTRADA AGREGADA--NOMBRE JERÁRQUICO DEL LUGAR
País o entidad superior Francia -
Ciudad París
852 ## - LOCALIZACIÓN
Ubicación ES-MaACL
Número de control de estantería F-11752
Nota libre - Enc. hol.
Holdings
Estatus retirado Estado de pérdida Estado de daño No para préstamo Colección Biblioteca de origen Biblioteca actual Ubicación en estantería Fecha de adquisición Fuente de adquisición Total de préstamos Signatura topográfica completa Código de barras Visto por última vez Precio de reemplazo Tipo de ítem Koha
        Libros del s. XIX Biblioteca del Ateneo de Madrid Biblioteca del Ateneo de Madrid Sala Pecera Planta 2 17/01/2008     F-11752 1169855 23/02/2023 23/02/2023 Libro impreso antiguo